<?xml version="1.0" encoding="UTF-8"?><marc:collection xmlns:marc="http://www.loc.gov/MARC21/slim">
  <marc:record>
    <marc:leader>04021nam a2200517 c 4500</marc:leader>
    <marc:controlfield tag="001">99373983074406441</marc:controlfield>
    <marc:controlfield tag="003">DE-605</marc:controlfield>
    <marc:controlfield tag="005">20240814184540.0</marc:controlfield>
    <marc:controlfield tag="007">cr#|||||||||||</marc:controlfield>
    <marc:controlfield tag="008">240419s2024    gw |||| o     ||| | ger c</marc:controlfield>
    <marc:datafield tag="024" ind1="7" ind2=" ">
      <marc:subfield code="a">10.4126/FRL01-006473488</marc:subfield>
      <marc:subfield code="2">doi</marc:subfield>
    </marc:datafield>
    <marc:datafield tag="035" ind1=" " ind2=" ">
      <marc:subfield code="a">(DE-605)HT030742289</marc:subfield>
    </marc:datafield>
    <marc:datafield tag="035" ind1=" " ind2=" ">
      <marc:subfield code="a">(DE-599)HBZHT030742289</marc:subfield>
    </marc:datafield>
    <marc:datafield tag="040" ind1=" " ind2=" ">
      <marc:subfield code="a">DE-38M</marc:subfield>
      <marc:subfield code="c">DE-38M</marc:subfield>
      <marc:subfield code="d">DE-38M</marc:subfield>
      <marc:subfield code="e">rda</marc:subfield>
    </marc:datafield>
    <marc:datafield tag="041" ind1=" " ind2=" ">
      <marc:subfield code="a">ger</marc:subfield>
    </marc:datafield>
    <marc:datafield tag="044" ind1=" " ind2=" ">
      <marc:subfield code="c">XA-DE</marc:subfield>
    </marc:datafield>
    <marc:datafield tag="049" ind1=" " ind2=" ">
      <marc:subfield code="a">DE-98</marc:subfield>
    </marc:datafield>
    <marc:datafield tag="049" ind1=" " ind2=" ">
      <marc:subfield code="a">DE-38M</marc:subfield>
    </marc:datafield>
    <marc:datafield tag="110" ind1="2" ind2=" ">
      <marc:subfield code="a">Sachverständigenrat zur Begutachtung der Entwicklung im Gesundheitswesen und in der Pflege</marc:subfield>
      <marc:subfield code="0">(DE-588)1327013150</marc:subfield>
      <marc:subfield code="4">aut</marc:subfield>
      <marc:subfield code="e">Verfasser</marc:subfield>
    </marc:datafield>
    <marc:datafield tag="245" ind1="1" ind2="0">
      <marc:subfield code="a">Fachkräfte im Gesundheitswesen</marc:subfield>
      <marc:subfield code="b">nachhaltiger Einsatz einer knappen Ressource - Gutachten 2024</marc:subfield>
      <marc:subfield code="c">Sachverständigenrat zur Begutachtung der Entwicklung im Gesundheitswesen und in der Pflege ; Mitglieder des Sachverständigenrates zur Begutachtung der Entwicklung im Gesundheitswesen und in der Pflege: Prof. Dr. med. Michael Hallek, Prof. Dr. PH Melanie Messer, Prof. Dr. rer. oec. Jonas Schreyögg, Prof. Nils Gutacker PhD, Prof. Dr. med. Stefanie Joos, Prof. Dr. med. Jochen Schmitt MPH, Prof. Dr. rer. oec. Leonie Sundmacher ; Mitglieder der Geschäftsstelle des Sachverständigenrates zur Begutachtung der Entwicklung im Gesundheitswesen und in der Pflege: Sonja Barth, Sarah-Lena Böning, Janina Franke, Dr. Valérie Groß, Janine Hinkler, Pauline Klaßen, Rebekka Müller-Rehm, Dr. Frank Niggemeier, Dr. Miriam Räker ; Mitautorinnen der Gutachten-Kapitel: Sarah-Lena Böning, Dr. Valérie Groß, Pauline Klaßen, Rebekka Müller-Rehm, Dr. Miriam Räker</marc:subfield>
    </marc:datafield>
    <marc:datafield tag="250" ind1=" " ind2=" ">
      <marc:subfield code="a">2., durchgesehene Auflage</marc:subfield>
    </marc:datafield>
    <marc:datafield tag="264" ind1=" " ind2="1">
      <marc:subfield code="a">[Berlin]</marc:subfield>
      <marc:subfield code="b">Sachverständigenrat zur Begutachtung der Entwicklung im Gesundheitswesen und in der Pflege</marc:subfield>
      <marc:subfield code="c">[2024]</marc:subfield>
    </marc:datafield>
    <marc:datafield tag="300" ind1=" " ind2=" ">
      <marc:subfield code="a">1 Online-Ressource (XXX, 297 Seiten)</marc:subfield>
    </marc:datafield>
    <marc:datafield tag="336" ind1=" " ind2=" ">
      <marc:subfield code="a">Text</marc:subfield>
      <marc:subfield code="b">txt</marc:subfield>
      <marc:subfield code="2">rdacontent</marc:subfield>
    </marc:datafield>
    <marc:datafield tag="337" ind1=" " ind2=" ">
      <marc:subfield code="a">Computer</marc:subfield>
      <marc:subfield code="b">c</marc:subfield>
      <marc:subfield code="2">rdamedia</marc:subfield>
    </marc:datafield>
    <marc:datafield tag="338" ind1=" " ind2=" ">
      <marc:subfield code="a">Online-Ressource</marc:subfield>
      <marc:subfield code="b">cr</marc:subfield>
      <marc:subfield code="2">rdacarrier</marc:subfield>
    </marc:datafield>
    <marc:datafield tag="500" ind1=" " ind2=" ">
      <marc:subfield code="a">Dieses Dokument darf zu eigenen wissenschaftlichen Zwecken und zum Privatgebrauch gespeichert und kopiert werden. Sie dürfen dieses Dokument nicht für öffentliche oder kommerzielle Zwecke vervielfältigen, öffentlich ausstellen, aufführen, vertreiben oder anderweitig nutzen</marc:subfield>
    </marc:datafield>
    <marc:datafield tag="506" ind1="0" ind2=" ">
      <marc:subfield code="a">Open Access</marc:subfield>
      <marc:subfield code="f">Unrestricted online access</marc:subfield>
      <marc:subfield code="2">star</marc:subfield>
    </marc:datafield>
    <marc:datafield tag="520" ind1="3" ind2=" ">
      <marc:subfield code="a">Im internationalen Vergleich stehen im deutschen Gesundheitswesen, bezogen auf die Einwohnerzahl, relativ viele Beschäftigte zur Verfügung. Dass dennoch Versorgungsengpässe festzustellen sind und Fachkräfte fehlen, weist auf strukturelle Defizite im deutschen Gesundheitssystem hin: Die vorhandenen Fachkräfte werden ineffizient eingesetzt. Es wird höchste Zeit, die strukturellen Missstände zu beheben, denn nur die Anzahl der Beschäftigten zu erhöhen, ist aufgrund der demografischen Entwicklung, der zunehmenden Konkurrenz um Fachkräfte und der Kosten allenfalls sehr begrenzt realisierbar. Zugleich würde der Erhalt ineffizienter Strukturen in der Versorgung begünstigt. Das in diesem Gutachten entwickelte Maßnahmenbündel soll unter Sicherstellung einer bedarfsgerechten Versorgung die Nachfrage nach Fachkräften reduzieren, das Angebot an Fachkräften soweit nötig und möglich erhöhen, vor allem aber durch strukturelle Verbesserungen den Einsatz der knappen und kostbaren Ressource "Fachkräfte" gezielter und nachhaltiger machen.</marc:subfield>
    </marc:datafield>
    <marc:datafield tag="650" ind1=" " ind2="4">
      <marc:subfield code="a">Fachkräfte</marc:subfield>
    </marc:datafield>
    <marc:datafield tag="650" ind1=" " ind2="4">
      <marc:subfield code="a">Fachkräfteengpass</marc:subfield>
    </marc:datafield>
    <marc:datafield tag="650" ind1=" " ind2="4">
      <marc:subfield code="a">Fachkräftemangel</marc:subfield>
    </marc:datafield>
    <marc:datafield tag="650" ind1=" " ind2="4">
      <marc:subfield code="a">Fachkräfteangebot</marc:subfield>
    </marc:datafield>
    <marc:datafield tag="650" ind1=" " ind2="4">
      <marc:subfield code="a">Fachkräftebedarf</marc:subfield>
    </marc:datafield>
    <marc:datafield tag="650" ind1=" " ind2="4">
      <marc:subfield code="a">Ressourcen</marc:subfield>
    </marc:datafield>
    <marc:datafield tag="650" ind1=" " ind2="4">
      <marc:subfield code="a">Gesundheitsversorgung</marc:subfield>
    </marc:datafield>
    <marc:datafield tag="650" ind1=" " ind2="4">
      <marc:subfield code="a">Versorgungsstrukturen</marc:subfield>
    </marc:datafield>
    <marc:datafield tag="650" ind1=" " ind2="4">
      <marc:subfield code="a">Strukturreformen</marc:subfield>
    </marc:datafield>
    <marc:datafield tag="650" ind1=" " ind2="4">
      <marc:subfield code="a">Krankenhausversorgung</marc:subfield>
    </marc:datafield>
    <marc:datafield tag="650" ind1=" " ind2="4">
      <marc:subfield code="a">Primärversorgung</marc:subfield>
    </marc:datafield>
    <marc:datafield tag="650" ind1=" " ind2="4">
      <marc:subfield code="a">Langzeitpflege</marc:subfield>
    </marc:datafield>
    <marc:datafield tag="856" ind1="4" ind2="0">
      <marc:subfield code="u">https://repository.publisso.de/resource/frl:6473488</marc:subfield>
      <marc:subfield code="3">Volltext</marc:subfield>
      <marc:subfield code="x">Archivierte Online-Ressource</marc:subfield>
    </marc:datafield>
    <marc:datafield tag="924" ind1="1" ind2=" ">
      <marc:subfield code="a">99373983074406441</marc:subfield>
      <marc:subfield code="b">DE-98</marc:subfield>
      <marc:subfield code="c">NRW</marc:subfield>
      <marc:subfield code="d">d</marc:subfield>
    </marc:datafield>
    <marc:datafield tag="924" ind1="1" ind2=" ">
      <marc:subfield code="a">99373983074406441</marc:subfield>
      <marc:subfield code="b">DE-38M</marc:subfield>
      <marc:subfield code="c">NRW</marc:subfield>
      <marc:subfield code="d">d</marc:subfield>
    </marc:datafield>
    <marc:datafield tag="960" ind1="1" ind2=" ">
      <marc:subfield code="i">iall</marc:subfield>
      <marc:subfield code="i">OA</marc:subfield>
    </marc:datafield>
    <marc:datafield tag="960" ind1="1" ind2=" ">
      <marc:subfield code="r">38 M: ellinet; GND: (DE-588)10109314-7</marc:subfield>
    </marc:datafield>
  </marc:record>
</marc:collection>
